El Bloqueo contra Cuba: ahora la gran guerra por otra vía (Record no. 9765)

MARC details
000 -LEADER
campo de control de longitud fija 00384nam a2200145Ia 4500
001 - NÚMERO DE CONTROL
campo de control 4445
008 - DATOS DE LONGITUD FIJA--INFORMACIÓN GENERAL
campo de control de longitud fija 241024s9999 xx 000 0 und d
082 ## - NÚMERO DE LA CLASIFICACIÓN DECIMAL DEWEY
Número de clasificación RD/327.7291/N716b
100 ## - ENTRADA PRINCIPAL--NOMBRE DE PERSONA
Nombre de persona Rafael Nino Féliz
245 #0 - MENCIÓN DEL TÍTULO
Título El Bloqueo contra Cuba: ahora la gran guerra por otra vía
260 ## - PUBLICACIÓN, DISTRIBUCIÓN, ETC.
Nombre del editor, distribuidor, etc. Editorial Gente
Fecha de publicación, distribución, etc. 2016
590 ## - NOTA LOCAL (RLIN)
Nota local si
901 ## - ELEMENTOS DE DATOS A LOCAL LDA (RLIN)
a 28/9/2016 2:28:17 p.m.

No items available.

© 2024. Todos los Derechos Reservados. Desarrollado por IDEICE